Normal view MARC view
  • Casey, Nell,

Entry Personal Name

Number of records used in: 2

001 - CONTROL NUMBER

  • control field: 8279

003 - CONTROL NUMBER IDENTIFIER

  • control field: NUST

005 - DATE AND TIME OF LATEST TRANSACTION

  • control field: 20180111110954.0

008 - FIXED-LENGTH DATA ELEMENTS

  • fixed length control field: 180111|| aca||aabn | a|a d

040 ## - CATALOGING SOURCE

  • Original cataloging agency: NUST
  • Transcribing agency: NUST

100 ## - HEADING--PERSONAL NAME

  • Personal name: Casey, Nell,
  • Dates associated with a name: 1971-

670 ## - SOURCE DATA FOUND

  • Source citation: Work cat.: (NUST)0: Unholy ghost :, 2001.
© 2023 Central Library, National University of Sciences and Technology. All Rights Reserved.